000 00279nam a22001097a 4500
008 241105b xxu||||| |||| 00| 0 eng d
100 _aHest, Amy
245 _aLetters to Leo
_cAmy Hest
260 _aU.S.A.
_bCandlewick Press
_c2014
300 _a153p.;
_c120 cm
942 _2ddc
_cBK
999 _c366651
_d366651